|
|
|
|
| LEADER |
00000nab a2200000 a 4500 |
| 001 |
vtls000856722 |
| 003 |
SK-MaSNL |
| 005 |
20260304171859.0 |
| 008 |
250429c2003 xo 0 slo |
| 015 |
|
|
|a SNBRB2003/12-ccccc
|
| 035 |
|
|
|a CLN000208377
|
| 035 |
|
|
|a urn:nbn:sk:snk-ab6y1k
|
| 035 |
|
|
|a (uuid)ee54b524-4f54-4d1a-8629-8fd473d7a7e0
|
| 035 |
|
|
|a (urnnbn)urn:nbn:sk:snk:ar-a067q9
|
| 035 |
|
|
|a (sysno)vtls000856722
|
| 040 |
|
|
|a SNKBUCL
|b slo
|c SNKBUCL
|e AACR2
|
| 041 |
0 |
|
|a slo
|
| 044 |
|
|
|a xo
|c SK
|
| 080 |
|
|
|a 616-036.8-083
|2 1997
|
| 100 |
1 |
|
|a Gulášová, Ivica,
|d 1966-
|4 aut
|9 220439
|
| 245 |
1 |
0 |
|a Psychologický prístup a zásady komunikácie s umierajúcim pacientom
|c Ivica Gulášová
|
| 246 |
1 |
1 |
|a Psychological approach and principles of communication with dying patients
|
| 504 |
|
|
|a Res. angl., slov.
|
| 650 |
0 |
7 |
|a terminálna starostlivosť
|2 MESH
|9 256220
|
| 650 |
0 |
7 |
|a zdravotné sestry
|2 MESH
|9 70278
|
| 650 |
0 |
7 |
|a empatia
|2 MESH
|9 14137
|
| 655 |
|
7 |
|a články z novín a časopisov
|2 snkbucl
|9 267496
|
| 773 |
0 |
|
|t Revue ošetrovateľstva a laboratórnych metodík
|g Roč. 9, č. 3 (2003), s. 71-72
|x 1335-5090
|
| 850 |
|
|
|a Slovenská národná knižnica
|
| 852 |
|
|
|a Slovenská národná knižnica
|
| 958 |
|
|
|a article27
|
| 958 |
|
|
|a OND
|
| 958 |
|
|
|a MI
|
| 958 |
|
|
|a EUIPO
|
| 999 |
|
|
|c 2995413
|d 2997343
|